Score 0/25 Timer 11:00
0 Plays Today
% Correct
a pear tree
85.7%
The Hundred Acre Wood
82.9%
the Pacific Rim
80%
a jar by the door
80%
a pineapple under the sea
80%
Willy Wonka's chocolate factory
74.3%
The Magic School Bus
74.3%
Uijeongbu, South Korea
74.3%
in a turban
71.4%
The jail in Mayberry
68.6%
Los Angeles
68.6%
Saudi Arabia
68.6%
Meadowlands Sports Complex
62.9%
% Correct
Boston
60%
Eternia
54.3%
Minnesota
51.4%
Glendale, Arizona
48.6%
Parris Island, South Carolina
45.7%
Bosnia and Herzegovina
40%
Toronto
37.1%
Riverdale
37.1%
Iowa
37.1%
Louisiana
34.3%
YouTube
25.7%
New England
25.7%
Remove Ads.
Support Sporcle.
Get the best of Sporcle when you Go Orange. This ad-free experience offers more features, more stats, and more fun while also helping to support Sporcle. Thank you for becoming a member.

You're not logged in!

Compare scores with friends on all Sporcle quizzes.
OR
Log In

Show Comments

Extras

Created Dec 18, 2014ReportNominate
Tags:Clickable Quiz

Top Quizzes Today


Score Distribution

Your Account Isn't Verified!

In order to create a playlist on Sporcle, you need to verify the email address you used during registration. Go to your Sporcle Settings to finish the process.

Report this User

Report this user for behavior that violates our Community Guidelines.

Details: